Definitions LGBT - Statistiques

Statistiques générales
  • Ce quiz a été pris 836 fois
  • Le résultat moyen est 10 sur 15
Statistiques - réponses
Hint Réponse % Correct
G Gay
100%
L Lesbienne
99%
B Bisexuel
98%
Q Queer
89%
T Transgenre
82%
A Asexuel
80%
Nb Non binaire
76%
P Pansexuel
76%
I Intersexe
60%
A Aromantique
51%
A Agenre
39%
D Demi
38%
O Omnisexuel
29%
PA Polyamour
27%
D Demisexuel
11%
Aucun quiz correspondant
Distribution des résultats
% des personnes avec chaque résultat
Percentile par nombre de réponses
Votre historique - résultats
Vous n’avez pas pris ce quiz